000 00851nam a2200253Ia 4500
003 OSt
005 20220923211624.0
006 a|||||r|||| 00| 0
007 ta
008 220922b |||||||| |||| 00| 0 san d
024 _a17,082
037 _cTextual
040 _aARTS
_cARTS
_bsan
041 _2san
_asan
082 _aQ11:4x1,1, 15M5
100 _aनारायण; पटृामिराशास्त्री, सम्पा
_9161056
245 0 _aआश्वलायनश्रौतसूत्रम्
246 _aĀshvalāyanashrautasūtram
260 _c1985
300 _a511चण्
_ccm.
650 _aभारतीय दर्शन
942 _hQ11:4x1,1, 15M5
_cTEXL
_2CC
999 _c301589
_d301589